[Event "Cap d'Agde CCAS op"]
[Site "Cap d'Agde"]
[Date "2010.10.27"]
[Round "4"]
[White "Lask, Alexis"]
[Black "Nobili, Denis"]
[Result "1/2-1/2"]
[WhiteElo "1920"]
[BlackElo "1969"]
[PlyCount "40"]
[EventDate "2010.10.23"]
[EventType "swiss"]
[EventRounds "7"]
[EventCountry "FRA"]
[SourceTitle "EXT 2012"]
[Source "ChessBase"]
[SourceDate "2011.11.24"]
[SourceVersion "1"]
[SourceVersionDate "2011.11.24"]
[SourceQuality "1"]

1. d4 d5 2. c4 c6 3. Nf3 Nf6 4. Nc3 dxc4 5. a4 Bf5 6. e3 e6 7. Bxc4 Bb4 8. Qb3 Qe7 9. 0-0 0-0 10. Bd2 a5 11. Rfe1 Bg6 12. Ne5 Nbd7 13. Nxg6 hxg6 14. e4 e5 15. d5 Nb6 16. Bf1 Rfd8 17. Be3 Qc7 18. Rac1 Nc8 19. f3 Qe7 20. Red1 c5 1/2-1/2